Представление документа в формате MARC21

ПолеНазваниеЗначение
  Тип записи a
  Библиографический уровень m
001 Контрольный номер RU/URAIT/599049
005 Дата корректировки 20260429163557.9
008 Кодируемые данные 260429s2026 RU y f j 000 0 rus u
020 Индекс ISBN __
a ISBN 978-5-534-18684-0
c Цена, тираж 2929.00
040 Источник каталогиз. __
a Служба первич. каталог. ИКО Юрайт
c Служба, преобразующая запись ИКО Юрайт
e Правила каталог. RCR
041 Код языка издания __
a Код языка текста rus
044 Код страны публикации __
a Код страны публикации RU
080 Индекс УДК __
a Индекс УДК 621.313(075.8)
084 Индекс другой классификации/Индекс ББК __
2 Источник индекса rubbk
a Индекс другой классификации/Индекс ББК 31.26я73
100 Автор __
a Автор Копылов И. П.
q Полное имя Копылов Игорь Петрович
245 Заглавие __
a Заглавие Электрические машины
b Продолж. заглавия учебник для вузов
c Ответственность И. П. Копылов.
250 Сведения об издании __
g испр. и доп
a Основные сведения об издании 2-е изд.
256 Характеристики компьютерного файла __
a Характеристики компьютерного файла Электрон. дан.
260 Выходные данные __
a Место издания Москва
b Издательство Юрайт
c Дата издания 2026
300 Физическое описание __
a Объем 669 с
440 Серия __
a Серия Высшее образование
500 Примечания __
a Примечание URL: https://urait.ru/bcode/599049 (дата обращения: 29.04.2026).
520 Аннотация __
a Аннотация Данный учебник, написанный известным специалистом в своей области, уже много лет пользуется популярностью среди студентов и преподавателей электротехнических и энергетических вузов и факультетов. В нем изложены общие вопросы теории электрических машин, приведены сведения по теории и конструкции отдельных видов электрических машин, в том числе синхронных и асинхронных, машин постоянного тока и др., с учетом последних научно-исследовательских работ и достижений в этой области. Приведены новые фактические данные, соответствующие современному уровню электромашиностроения; терминология и обозначения даны по действующим стандартам.
538 Прим. о системных особенностях __
a Прим. о системных особенностях Режим доступа: Электронно-библиотечная система Юрайт, для авториз. пользователей
653 Ключевые слова __
a Ключевые слова Электротехника, электроника, телекоммуникации
653 Ключевые слова __
a Ключевые слова Технические науки
653 Ключевые слова __
a Ключевые слова Электрические машины
653 Ключевые слова __
a Ключевые слова Электрические машины и электропривод
653 Ключевые слова __
a Ключевые слова Электромеханика
653 Ключевые слова __
a Ключевые слова Электрические машины и аппараты
653 Ключевые слова __
a Ключевые слова Физическое содержание тепловых переходных процессов в электромашинах
653 Ключевые слова __
a Ключевые слова Тяговые электрические машины
653 Ключевые слова __
a Ключевые слова Тяговые электрические машины высокоскоростного транспорта
653 Ключевые слова __
a Ключевые слова Электронные и электромеханические системы управления электрическими машинами высокоскоростного транспорта
653 Ключевые слова __
a Ключевые слова Судовые электрические машины
653 Ключевые слова __
a Ключевые слова Электрические машины и электроприводы
653 Ключевые слова __
a Ключевые слова Испытания и эксплуатация электрических машин
653 Ключевые слова __
a Ключевые слова Испытание, эксплуатация и ремонт электромагнитных устройств и электромеханических преобразователей
653 Ключевые слова __
a Ключевые слова Математическое моделирование электрических машин и их полей
653 Ключевые слова __
a Ключевые слова Надежность электрических машин
653 Ключевые слова __
a Ключевые слова Электрические машины (Общий курс)
653 Ключевые слова __
a Ключевые слова Электрические машины автоматических устройств и бытовых приборов
653 Ключевые слова __
a Ключевые слова Электрические машины и микромашины
653 Ключевые слова __
a Ключевые слова Асинхронный электропривод
653 Ключевые слова __
a Ключевые слова Системы управления электрическими машинами
653 Ключевые слова __
a Ключевые слова Электрические машины для систем автоматики
653 Ключевые слова __
a Ключевые слова Электрические машины на транспорте
653 Ключевые слова __
a Ключевые слова Электрические машины предприятий нефтегазового комплекса
653 Ключевые слова __
a Ключевые слова Электрические машины и приводы мехатронных и робототехнических систем
653 Ключевые слова __
a Ключевые слова Электрические машины и аппараты и электропривод наземных транспортных средств
653 Ключевые слова __
a Ключевые слова Изоляция электрических машин
653 Ключевые слова __
a Ключевые слова Переходные процессы в электрических машинах
653 Ключевые слова __
a Ключевые слова Переходные процессы с электрических машинах
653 Ключевые слова __
a Ключевые слова Регулирование возбуждения синхронных машин
653 Ключевые слова __
a Ключевые слова Эксплуатация электрических машин
653 Ключевые слова __
a Ключевые слова Электрические машины и агрегаты
653 Ключевые слова __
a Ключевые слова Диагностика электрических машин
653 Ключевые слова __
a Ключевые слова Инженерное проектирование и системы автоматизированного проектирования электрических машин
653 Ключевые слова __
a Ключевые слова Оптимальное проектирование электрических машин
653 Ключевые слова __
a Ключевые слова Системы автоматизированного проектирования электрических машин
653 Ключевые слова __
a Ключевые слова Специальные электрические машины
653 Ключевые слова __
a Ключевые слова Тепловые и вентиляционные расчеты электрических машин
653 Ключевые слова __
a Ключевые слова Технология изготовления электромагнитных устройств и электромеханических преобразователей
653 Ключевые слова __
a Ключевые слова Шум и вибрация электрических машин
653 Ключевые слова __
a Ключевые слова Электрические машины систем автоматики
653 Ключевые слова __
a Ключевые слова Специальные электрические машины для автомобилей и тракторов
653 Ключевые слова __
a Ключевые слова Инженерное проектирование электрических машин
653 Ключевые слова __
a Ключевые слова Испытания и надежность электрических машин
653 Ключевые слова __
a Ключевые слова Конструкция электрических машин
653 Ключевые слова __
a Ключевые слова Математическая теория электрических машин
653 Ключевые слова __
a Ключевые слова Математическое моделирование электрических машин
653 Ключевые слова __
a Ключевые слова Нагрев и охлаждение электрических машин
653 Ключевые слова __
a Ключевые слова Технология электрических машин
653 Ключевые слова __
a Ключевые слова Эксплуатация и ремонт электрических машин
653 Ключевые слова __
a Ключевые слова Основы электротехники и электрические машины
653 Ключевые слова __
a Ключевые слова Электрические машины автоматических устройств
653 Ключевые слова __
a Ключевые слова Машинно-вентильные системы
653 Ключевые слова __
a Ключевые слова Тепловые расчеты электрических машин
653 Ключевые слова __
a Ключевые слова Электрические машины малой мощности
653 Ключевые слова __
a Ключевые слова Испытания электрических машин
653 Ключевые слова __
a Ключевые слова Расчет и проектирование электрических машин
653 Ключевые слова __
a Ключевые слова Технология изготовления электрических машин
653 Ключевые слова __
a Ключевые слова Инженерное проектирование энергоэффективных электрических машин
653 Ключевые слова __
a Ключевые слова Несимметричные режимы электрических машин
653 Ключевые слова __
a Ключевые слова Технология производства электрических машин
653 Ключевые слова __
a Ключевые слова Обеспечение надежной работы электрического и электромеханического оборудования
653 Ключевые слова __
a Ключевые слова Техническая эксплуатация и ремонт электрического и электромеханического оборудования
653 Ключевые слова __
a Ключевые слова Переходные процессы электромеханических преобразователей энергии
653 Ключевые слова __
a Ключевые слова Дискретно-полевые модели электрических машин
653 Ключевые слова __
a Ключевые слова Испытание и надежность электрических машин
653 Ключевые слова __
a Ключевые слова Конструирование электрических машин
653 Ключевые слова __
a Ключевые слова Электромагнитные расчеты в электромеханических преобразователях
653 Ключевые слова __
a Ключевые слова Основы электромеханики
653 Ключевые слова __
a Ключевые слова Электрические машины и основы электропривода
653 Ключевые слова __
a Ключевые слова Электрические машины и основы электрического привода
653 Ключевые слова __
a Ключевые слова Применение электро-вычислительных машин в тепловых расчетах
653 Ключевые слова __
a Ключевые слова Электрические машины пассажирских вагонов
653 Ключевые слова __
a Ключевые слова Вентильные преобразователи постоянного и переменного тока
653 Ключевые слова __
a Ключевые слова Вентильные электрические машины для тягового привода наземных транспортных средств
653 Ключевые слова __
a Ключевые слова Проектирование электрических машин малой мощности специального назначения
653 Ключевые слова __
a Ключевые слова Тяговые электрические машины постоянного и переменного тока наземных транспортных средств
653 Ключевые слова __
a Ключевые слова Технология сборки электрических машин
653 Ключевые слова __
a Ключевые слова Электрические машины в системах автоматики
653 Ключевые слова __
a Ключевые слова Электрические машины малой мощности: проектное обучение
653 Ключевые слова __
a Ключевые слова Автоматизация прикладных расчетов электрических машин
653 Ключевые слова __
a Ключевые слова Исследование технологических процессов электрических машин
653 Ключевые слова __
a Ключевые слова Исследования и испытания электрических машин
653 Ключевые слова __
a Ключевые слова Методика преподавания учебных курсов электрических машин
653 Ключевые слова __
a Ключевые слова Оптимизация электрических машин и аппаратов
653 Ключевые слова __
a Ключевые слова Электрические машины и электропривод машин
653 Ключевые слова __
a Ключевые слова Основы электрических машин
653 Ключевые слова __
a Ключевые слова Анализ электромагнитных усилий в электрических машинах
653 Ключевые слова __
a Ключевые слова Инструментальное проектирование и конструирование электрических машин и электрических аппаратов
653 Ключевые слова __
a Ключевые слова Испытания, эксплуатация и ремонт электрических машин
653 Ключевые слова __
a Ключевые слова Методы анализа электромагнитных процессов в электрических машинах и электрических аппаратах
653 Ключевые слова __
a Ключевые слова Методы подобия в электрических машинах и электрических аппаратах
653 Ключевые слова __
a Ключевые слова Научные основы создания и совершенствования электрических, электромеханических преобразователей и электрических аппаратов
653 Ключевые слова __
a Ключевые слова Основы конструирования и технологии производства электрических машин
653 Ключевые слова __
a Ключевые слова Параметры электрических машин
653 Ключевые слова __
a Ключевые слова Переходные режимы работы электрических машин
653 Ключевые слова __
a Ключевые слова Проектирование специальных электрических машин
653 Ключевые слова __
a Ключевые слова Введение в электромеханику
653 Ключевые слова __
a Ключевые слова Бесконтактные электрические машины
653 Ключевые слова __
a Ключевые слова Диагностика и определение параметров электрических машин
653 Ключевые слова __
a Ключевые слова Математическое моделирование основных типов электрических машин
653 Ключевые слова __
a Ключевые слова Моделирование электрических машин
653 Ключевые слова __
a Ключевые слова Основы конструирования электрических машин
653 Ключевые слова __
a Ключевые слова Расчет и принципы конструирования электрических машин
653 Ключевые слова __
a Ключевые слова Схемы обмоток электрических машин
653 Ключевые слова __
a Ключевые слова Технологичность конструкций электрических машин
653 Ключевые слова __
a Ключевые слова Устойчивость работы электрических машин
653 Ключевые слова __
a Ключевые слова Электрическая машина как основной элемент энергетических установок
653 Ключевые слова __
a Ключевые слова Тяговые электрические машины высокоскоростного подвижного состава
653 Ключевые слова __
a Ключевые слова Электронные и электромеханические системы управления электрическими машинами высокоскоростного подвижного состава
653 Ключевые слова __
a Ключевые слова Общая теория электрических машин
653 Ключевые слова __
a Ключевые слова Диагностика и испытания электрических машин и аппаратов
653 Ключевые слова __
a Ключевые слова Изоляция электрических машин и аппаратов
653 Ключевые слова __
a Ключевые слова Инженерное проектирование электрических машин и аппаратов
653 Ключевые слова __
a Ключевые слова Технология производства электрических машин и аппаратов
653 Ключевые слова __
a Ключевые слова Диагностика и ремонт электрических машин
653 Ключевые слова __
a Ключевые слова Механика электрических машин
653 Ключевые слова __
a Ключевые слова Обобщенная теория электрических машин
653 Ключевые слова __
a Ключевые слова Электрические машины и электроника
653 Ключевые слова __
a Ключевые слова Электрические машины устройств автоматики
653 Ключевые слова __
a Ключевые слова Электрические машины и исполнительные устройства автоматики
653 Ключевые слова __
a Ключевые слова Современные проблемы энергетического электромашиностроения
653 Ключевые слова __
a Ключевые слова Теория обобщенной электрической машины
653 Ключевые слова __
a Ключевые слова Электрические машины и автоматизированный электропривод
653 Ключевые слова __
a Ключевые слова Электромагнитные явления и переходные процессы
653 Ключевые слова __
a Ключевые слова Вентильные электрические машины и регулируемый электропривод
653 Ключевые слова __
a Ключевые слова Специальные электромеханические преобразователи в регулируемом электроприводе
653 Ключевые слова __
a Ключевые слова Основы взаимозаменяемости в электрических машинах
653 Ключевые слова __
a Ключевые слова Современные методы диагностики электрических машин
653 Ключевые слова __
a Ключевые слова Специальные электрические машины и микромашины
653 Ключевые слова __
a Ключевые слова Технология производства и ремонта электрических машин и аппаратов
856 Электронный адрес документа 40
n Местонахождение сервера Юрайт
g Электронная книга
q Тип электронного формата html
h Имя пользователя ЮРАЙТ
v Часы доступа к ресурсу 20271231
2 Способ доступа Показать документ
x Служебное примечание https://urait.ru/book/cover/017DD19A-FD92-47DE-96CE-D53C21F459AE
u URL https://urait.ru/bcode/599049
856 Электронный адрес документа 48
q Тип электронного формата cover
u URL https://urait.ru/book/cover/017DD19A-FD92-47DE-96CE-D53C21F459AE
911 __
u 0030=https://urait.ru/bcode/599049
911 __
u 073a=9785534186840
u 073d=2929.00
911 __
u 106a=s
911 __
u 900l=
952 Тип литературы __
i Дисциплина Электрические машины
952 Тип литературы __
i Дисциплина Электрические машины и электропривод
952 Тип литературы __
i Дисциплина Электромеханика
952 Тип литературы __
i Дисциплина Электрические машины и аппараты
952 Тип литературы __
i Дисциплина Физическое содержание тепловых переходных процессов в электромашинах
952 Тип литературы __
i Дисциплина Тяговые электрические машины
952 Тип литературы __
i Дисциплина Тяговые электрические машины высокоскоростного транспорта
952 Тип литературы __
i Дисциплина Электронные и электромеханические системы управления электрическими машинами высокоскоростного транспорта
952 Тип литературы __
i Дисциплина Судовые электрические машины
952 Тип литературы __
i Дисциплина Электрические машины и электроприводы
952 Тип литературы __
i Дисциплина Испытания и эксплуатация электрических машин
952 Тип литературы __
i Дисциплина Испытание, эксплуатация и ремонт электромагнитных устройств и электромеханических преобразователей
952 Тип литературы __
i Дисциплина Математическое моделирование электрических машин и их полей
952 Тип литературы __
i Дисциплина Надежность электрических машин
952 Тип литературы __
i Дисциплина Электрические машины (Общий курс)
952 Тип литературы __
i Дисциплина Электрические машины автоматических устройств и бытовых приборов
952 Тип литературы __
i Дисциплина Электрические машины и микромашины
952 Тип литературы __
i Дисциплина Асинхронный электропривод
952 Тип литературы __
i Дисциплина Системы управления электрическими машинами
952 Тип литературы __
i Дисциплина Электрические машины для систем автоматики
952 Тип литературы __
i Дисциплина Электрические машины на транспорте
952 Тип литературы __
i Дисциплина Электрические машины предприятий нефтегазового комплекса
952 Тип литературы __
i Дисциплина Электрические машины и приводы мехатронных и робототехнических систем
952 Тип литературы __
i Дисциплина Электрические машины и аппараты и электропривод наземных транспортных средств
952 Тип литературы __
i Дисциплина Изоляция электрических машин
952 Тип литературы __
i Дисциплина Переходные процессы в электрических машинах
952 Тип литературы __
i Дисциплина Переходные процессы с электрических машинах
952 Тип литературы __
i Дисциплина Регулирование возбуждения синхронных машин
952 Тип литературы __
i Дисциплина Эксплуатация электрических машин
952 Тип литературы __
i Дисциплина Электрические машины и агрегаты
952 Тип литературы __
i Дисциплина Диагностика электрических машин
952 Тип литературы __
i Дисциплина Инженерное проектирование и системы автоматизированного проектирования электрических машин
952 Тип литературы __
i Дисциплина Оптимальное проектирование электрических машин
952 Тип литературы __
i Дисциплина Системы автоматизированного проектирования электрических машин
952 Тип литературы __
i Дисциплина Специальные электрические машины
952 Тип литературы __
i Дисциплина Тепловые и вентиляционные расчеты электрических машин
952 Тип литературы __
i Дисциплина Технология изготовления электромагнитных устройств и электромеханических преобразователей
952 Тип литературы __
i Дисциплина Шум и вибрация электрических машин
952 Тип литературы __
i Дисциплина Электрические машины систем автоматики
952 Тип литературы __
i Дисциплина Специальные электрические машины для автомобилей и тракторов
952 Тип литературы __
i Дисциплина Инженерное проектирование электрических машин
952 Тип литературы __
i Дисциплина Испытания и надежность электрических машин
952 Тип литературы __
i Дисциплина Конструкция электрических машин
952 Тип литературы __
i Дисциплина Математическая теория электрических машин
952 Тип литературы __
i Дисциплина Математическое моделирование электрических машин
952 Тип литературы __
i Дисциплина Нагрев и охлаждение электрических машин
952 Тип литературы __
i Дисциплина Технология электрических машин
952 Тип литературы __
i Дисциплина Эксплуатация и ремонт электрических машин
952 Тип литературы __
i Дисциплина Основы электротехники и электрические машины
952 Тип литературы __
i Дисциплина Электрические машины автоматических устройств
952 Тип литературы __
i Дисциплина Машинно-вентильные системы
952 Тип литературы __
i Дисциплина Тепловые расчеты электрических машин
952 Тип литературы __
i Дисциплина Электрические машины малой мощности
952 Тип литературы __
i Дисциплина Испытания электрических машин
952 Тип литературы __
i Дисциплина Расчет и проектирование электрических машин
952 Тип литературы __
i Дисциплина Технология изготовления электрических машин
952 Тип литературы __
i Дисциплина Инженерное проектирование энергоэффективных электрических машин
952 Тип литературы __
i Дисциплина Несимметричные режимы электрических машин
952 Тип литературы __
i Дисциплина Технология производства электрических машин
952 Тип литературы __
i Дисциплина Обеспечение надежной работы электрического и электромеханического оборудования
952 Тип литературы __
i Дисциплина Техническая эксплуатация и ремонт электрического и электромеханического оборудования
952 Тип литературы __
i Дисциплина Переходные процессы электромеханических преобразователей энергии
952 Тип литературы __
i Дисциплина Дискретно-полевые модели электрических машин
952 Тип литературы __
i Дисциплина Испытание и надежность электрических машин
952 Тип литературы __
i Дисциплина Конструирование электрических машин
952 Тип литературы __
i Дисциплина Электромагнитные расчеты в электромеханических преобразователях
952 Тип литературы __
i Дисциплина Основы электромеханики
952 Тип литературы __
i Дисциплина Электрические машины и основы электропривода
952 Тип литературы __
i Дисциплина Электрические машины и основы электрического привода
952 Тип литературы __
i Дисциплина Применение электро-вычислительных машин в тепловых расчетах
952 Тип литературы __
i Дисциплина Электрические машины пассажирских вагонов
952 Тип литературы __
i Дисциплина Вентильные преобразователи постоянного и переменного тока
952 Тип литературы __
i Дисциплина Вентильные электрические машины для тягового привода наземных транспортных средств
952 Тип литературы __
i Дисциплина Проектирование электрических машин малой мощности специального назначения
952 Тип литературы __
i Дисциплина Тяговые электрические машины постоянного и переменного тока наземных транспортных средств
952 Тип литературы __
i Дисциплина Технология сборки электрических машин
952 Тип литературы __
i Дисциплина Электрические машины в системах автоматики
952 Тип литературы __
i Дисциплина Электрические машины малой мощности: проектное обучение
952 Тип литературы __
i Дисциплина Автоматизация прикладных расчетов электрических машин
952 Тип литературы __
i Дисциплина Исследование технологических процессов электрических машин
952 Тип литературы __
i Дисциплина Исследования и испытания электрических машин
952 Тип литературы __
i Дисциплина Методика преподавания учебных курсов электрических машин
952 Тип литературы __
i Дисциплина Оптимизация электрических машин и аппаратов
952 Тип литературы __
i Дисциплина Электрические машины и электропривод машин
952 Тип литературы __
i Дисциплина Основы электрических машин
952 Тип литературы __
i Дисциплина Анализ электромагнитных усилий в электрических машинах
952 Тип литературы __
i Дисциплина Инструментальное проектирование и конструирование электрических машин и электрических аппаратов
952 Тип литературы __
i Дисциплина Испытания, эксплуатация и ремонт электрических машин
952 Тип литературы __
i Дисциплина Методы анализа электромагнитных процессов в электрических машинах и электрических аппаратах
952 Тип литературы __
i Дисциплина Методы подобия в электрических машинах и электрических аппаратах
952 Тип литературы __
i Дисциплина Научные основы создания и совершенствования электрических, электромеханических преобразователей и электрических аппаратов
952 Тип литературы __
i Дисциплина Основы конструирования и технологии производства электрических машин
952 Тип литературы __
i Дисциплина Параметры электрических машин
952 Тип литературы __
i Дисциплина Переходные режимы работы электрических машин
952 Тип литературы __
i Дисциплина Проектирование специальных электрических машин
952 Тип литературы __
i Дисциплина Введение в электромеханику
952 Тип литературы __
i Дисциплина Бесконтактные электрические машины
952 Тип литературы __
i Дисциплина Диагностика и определение параметров электрических машин
952 Тип литературы __
i Дисциплина Математическое моделирование основных типов электрических машин
952 Тип литературы __
i Дисциплина Моделирование электрических машин
952 Тип литературы __
i Дисциплина Основы конструирования электрических машин
952 Тип литературы __
i Дисциплина Расчет и принципы конструирования электрических машин
952 Тип литературы __
i Дисциплина Схемы обмоток электрических машин
952 Тип литературы __
i Дисциплина Технологичность конструкций электрических машин
952 Тип литературы __
i Дисциплина Устойчивость работы электрических машин
952 Тип литературы __
i Дисциплина Электрическая машина как основной элемент энергетических установок
952 Тип литературы __
i Дисциплина Тяговые электрические машины высокоскоростного подвижного состава
952 Тип литературы __
i Дисциплина Электронные и электромеханические системы управления электрическими машинами высокоскоростного подвижного состава
952 Тип литературы __
i Дисциплина Общая теория электрических машин
952 Тип литературы __
i Дисциплина Диагностика и испытания электрических машин и аппаратов
952 Тип литературы __
i Дисциплина Изоляция электрических машин и аппаратов
952 Тип литературы __
i Дисциплина Инженерное проектирование электрических машин и аппаратов
952 Тип литературы __
i Дисциплина Технология производства электрических машин и аппаратов
952 Тип литературы __
i Дисциплина Диагностика и ремонт электрических машин
952 Тип литературы __
i Дисциплина Механика электрических машин
952 Тип литературы __
i Дисциплина Обобщенная теория электрических машин
952 Тип литературы __
i Дисциплина Электрические машины и электроника
952 Тип литературы __
i Дисциплина Электрические машины устройств автоматики
952 Тип литературы __
i Дисциплина Электрические машины и исполнительные устройства автоматики
952 Тип литературы __
i Дисциплина Современные проблемы энергетического электромашиностроения
952 Тип литературы __
i Дисциплина Теория обобщенной электрической машины
952 Тип литературы __
i Дисциплина Электрические машины и автоматизированный электропривод
952 Тип литературы __
i Дисциплина Электромагнитные явления и переходные процессы
952 Тип литературы __
i Дисциплина Вентильные электрические машины и регулируемый электропривод
952 Тип литературы __
i Дисциплина Специальные электромеханические преобразователи в регулируемом электроприводе
952 Тип литературы __
i Дисциплина Основы взаимозаменяемости в электрических машинах
952 Тип литературы __
i Дисциплина Современные методы диагностики электрических машин
952 Тип литературы __
i Дисциплина Специальные электрические машины и микромашины
952 Тип литературы __
i Дисциплина Технология производства и ремонта электрических машин и аппаратов